<?xml version="1.0" encoding="UTF-8"?><?xml-stylesheet type="text/xsl" href="static/style.xsl"?><OAI-PMH xmlns="http://www.openarchives.org/OAI/2.0/" xmlns:xsi="http://www.w3.org/2001/XMLSchema-instance" xsi:schemaLocation="http://www.openarchives.org/OAI/2.0/ http://www.openarchives.org/OAI/2.0/OAI-PMH.xsd"><responseDate>2026-04-17T02:52:40Z</responseDate><request verb="GetRecord" identifier="oai:www.recercat.cat:2117/385115" metadataPrefix="marc">https://recercat.cat/oai/request</request><GetRecord><record><header><identifier>oai:recercat.cat:2117/385115</identifier><datestamp>2025-07-22T19:17:25Z</datestamp><setSpec>com_2072_1033</setSpec><setSpec>col_2072_452951</setSpec></header><metadata><record xmlns="http://www.loc.gov/MARC21/slim" xmlns:dcterms="http://purl.org/dc/terms/" xmlns:xsi="http://www.w3.org/2001/XMLSchema-instance" xmlns:doc="http://www.lyncode.com/xoai" xsi:schemaLocation="http://www.loc.gov/MARC21/slim http://www.loc.gov/standards/marcxml/schema/MARC21slim.xsd">
   <leader>00925njm 22002777a 4500</leader>
   <datafield ind2=" " ind1=" " tag="042">
      <subfield code="a">dc</subfield>
   </datafield>
   <datafield ind2=" " ind1=" " tag="720">
      <subfield code="a">Ortueta Gómez De Ureta, Carmen</subfield>
      <subfield code="e">author</subfield>
   </datafield>
   <datafield ind2=" " ind1=" " tag="260">
      <subfield code="c">2023-03-06</subfield>
   </datafield>
   <datafield ind2=" " ind1=" " tag="520">
      <subfield code="a">El programa propuesto incluye la creación de 3 tipos de espacios, organizados en torno a un Masterplan&#xd;
cuyo eje de actuación recorre el Carrer Germans Desvalls, desde el CEJ Can Llupià hasta el cruce con el&#xd;
Passeig dels Castanyers.&#xd;
Los tipos de espacios propuestos varían en función a su grado de colectividad, existiendo espacios&#xd;
públicos – rehabilitación de la Masía- , espacios semipúblicos / semi privados -huertos colectivos – y&#xd;
espacios privados ,- viviendas-.&#xd;
El programa incluye la construcción de 30 viviendas entre las dos parcelas, que se denominaran A&#xd;
(parcela de la derecha) y B (parcela de la izquierda) formando un emplazamiento renovado que refuerce&#xd;
la idea de barrio dentro de la zona. Estas Viviendas responden al tipo de espacio PRIVADO.&#xd;
La creación de estas viviendas pretende responder a la necesidad de vivienda social y pretende sustituir&#xd;
las viviendas actuales (9 en total) con el fin de poder ofrecer una solución habitacional a un mayor&#xd;
número de personas.&#xd;
Se organizan en torno a las dos parcelas señaladas en los planos, la primera situada entre el Carrer&#xd;
Castelar y el Carrer Dosrius, limita al sur con el Carrer de Mura, que colinda también con la segunda&#xd;
parcela, situada más al oeste entre el eje del Masterplan (el carrer German Desvalls ) y el Carrer Dosrius.&#xd;
Se propone también la creación de espacios intermedios, entre los que se incluyen patios exteriores,&#xd;
huertos comunales, parques, espacios de paso y espacios de convivencia, que incluyan mobiliario urbano&#xd;
para establecer conexiones vecinales. Estos espacios serán del tipo SEMIPÚBLICO/SEMIPRIVADO.&#xd;
Por último, en torno a la idea de Masterplan se propone:&#xd;
-La reestructuración del Carrer Germans Desvalls, la ampliación de la sección de la calle hasta una&#xd;
distancia de calle de 7,5 - 8 m, incluyendo una ronda que cuente con dos carriles para vehículos y&#xd;
bicicletas, y 1,5 m de acera para paso peatonal.&#xd;
Los espacios que se crean como paseos, cruzan la parcela seleccionada, atravesándola y creando dos&#xd;
ejes principales sobre los que se estructura el resto de la propuesta.&#xd;
-Para salvar la diferencia de cotas entre la parcela y las calles próximas, se proyectan escaleras y zonas&#xd;
aterrazadas, creando 3 terrazas en cada parcela sobre las que se edificarán las viviendas.&#xd;
-Se propone la rehabilitación de la Masía para uso público y vecinal, ubicando en este espacio un&#xd;
programa mixto que puedan utilizar tanto las personas de 3ª edad de la residencia contigua (Programa&#xd;
incluido en el Masterplan Grupal y realizado por otra estudiante) como los vecinos de las viviendas&#xd;
proyectadas</subfield>
   </datafield>
   <datafield tag="653" ind2=" " ind1=" ">
      <subfield code="a">Àrees temàtiques de la UPC::Arquitectura::Tipologies d'edificis::Habitatges</subfield>
   </datafield>
   <datafield tag="653" ind2=" " ind1=" ">
      <subfield code="a">Àrees temàtiques de la UPC::Arquitectura::Arquitectura sostenible</subfield>
   </datafield>
   <datafield tag="653" ind2=" " ind1=" ">
      <subfield code="a">Public housing -- Spain -- Barcelona</subfield>
   </datafield>
   <datafield tag="653" ind2=" " ind1=" ">
      <subfield code="a">Farmhouses -- Remodeling for other use -- Spain -- Barcelona</subfield>
   </datafield>
   <datafield tag="653" ind2=" " ind1=" ">
      <subfield code="a">Public spaces -- Spain -- Barcelona</subfield>
   </datafield>
   <datafield tag="653" ind2=" " ind1=" ">
      <subfield code="a">Urban agriculture -- Spain -- Barcelona</subfield>
   </datafield>
   <datafield tag="653" ind2=" " ind1=" ">
      <subfield code="a">Vivienda social</subfield>
   </datafield>
   <datafield tag="653" ind2=" " ind1=" ">
      <subfield code="a">Huertos</subfield>
   </datafield>
   <datafield tag="653" ind2=" " ind1=" ">
      <subfield code="a">sostenibilidad</subfield>
   </datafield>
   <datafield tag="653" ind2=" " ind1=" ">
      <subfield code="a">Habitatge públic -- Catalunya -- Barcelona</subfield>
   </datafield>
   <datafield tag="653" ind2=" " ind1=" ">
      <subfield code="a">Masos, masies, etc. -- Reconversió -- Catalunya -- Barcelona</subfield>
   </datafield>
   <datafield tag="653" ind2=" " ind1=" ">
      <subfield code="a">Espais públics -- Catalunya -- Barcelona</subfield>
   </datafield>
   <datafield tag="653" ind2=" " ind1=" ">
      <subfield code="a">Agricultura urbana -- Catalunya -- Barcelona</subfield>
   </datafield>
   <datafield ind2="0" ind1="0" tag="245">
      <subfield code="a">Las casas de las flores: aproximación de la vivienda social al concepto "casa-huerto"</subfield>
   </datafield>
</record></metadata></record></GetRecord></OAI-PMH>